国名コードから国を当てる - Statistics

General Stats
  • This quiz has been taken 304 times
  • The average score is 14 of 20
Answer Stats
コード 国名 % Correct
JPN 日本
100%
BRA ブラジル
95%
BEL ベルギー
86%
IRN イラン
84%
OMN オマーン
82%
NZL ニュージーランド
81%
AZE アゼルバイジャン
79%
CAN カナダ
79%
CUB キューバ
77%
HTI ハイチ
71%
DNK デンマーク
71%
VNM ベトナム
71%
HUN ハンガリー
68%
SGP シンガポール
66%
PER ペルー
62%
RWA ルワンダ
58%
ISL アイスランド
55%
NLD オランダ
51%
MDG マダガスカル
39%
CAF 中央アフリカ
24%
No matching quizzes found
Score Distribution
Percent of People with Each Score
Percentile by Number Answered
Your Score History
You have not taken this quiz